000 00441nam a2200181Ia 4500
001 825
005 20260306140546.0
008 260306t2014||||xx |||||||||||||| ||spa||
041 _aESP
082 _a170
_bL88
100 _aLópez Quintas, Alfonso
_eAUT
245 0 _aLa ética o es transfiguración o no es nada
260 _c2014
300 _axl, 871 páginas :
_c20 cm.
650 _aGEN
654 _aCHU
942 _cLIB
_dJUS
_fJUS
_2ddc
_n
999 _c825
_d825